[Event "MK Cafe Cup-A"]
[Site "Koszalin"]
[Date "1997.08.05"]
[Round "4"]
[White "Gratka, Krzysztof"]
[Black "Pieniazek, Artur"]
[Result "1/2-1/2"]
[WhiteElo "2265"]
[BlackElo "2415"]
[PlyCount "83"]
[EventDate "1997.08.03"]
[EventType "swiss"]
[EventRounds "10"]
[EventCountry "POL"]
[SourceTitle "CBM 059 Extra"]
[Source "ChessBase"]
[SourceDate "1997.09.26"]
[SourceVersion "1"]
[SourceVersionDate "1997.09.26"]
[SourceQuality "1"]

1. c4 Nf6 2. Nf3 e6 3. g3 d5 4. b3 Be7 5. Bb2 0-0 6. Bg2 c5 7. 0-0 Nc6 8. e3 d4 9. exd4 cxd4 10. Re1 Ne8 11. d3 f6 12. Na3 e5 13. Nc2 Nc7 14. a3 a5 15. Rb1 Na6 16. Bc1 Kh8 17. Nd2 Bf5 18. Ne4 Bd7 19. f4 f5 20. Nf2 exf4 21. Bxf4 Nc5 22. Bd5 Be8 23. Qf3 Bf6 24. b4 axb4 25. axb4 Nd7 26. b5 Nce5 27. Qg2 g5 28. Bxe5 Nxe5 29. Nb4 Ra4 30. Bxb7 Bh5 31. Nc6 Qc7 32. Nxe5 Bxe5 33. b6 Qb8 34. Ra1 Rxa1 35. Rxa1 Qd6 36. Qd5 Rb8 37. Ra8 Qxd5 38. Bxd5 Rxa8 39. Bxa8 Bd6 40. Bd5 Kg7 41. Kg2 Be2 42. h3 1/2-1/2

[Event "Kasparov Cup"]
[Site "Moscow"]
[Date "1997.??.??"]
[Round "?"]
[White "Gratka, Krzysztof"]
[Black "Aronian, Levon"]
[Result "0-1"]
[WhiteElo "2275"]
[BlackElo "2420"]
[PlyCount "84"]
[EventDate "1997.??.??"]
[EventType "swiss"]
[EventRounds "9"]
[EventCountry "RUS"]
[SourceTitle "EXT 2000"]
[Source "ChessBase"]
[SourceDate "1999.11.16"]
[SourceVersion "1"]
[SourceVersionDate "1999.11.16"]
[SourceQuality "1"]

1. c4 e5 2. Nc3 Nf6 3. Nf3 Nc6 4. g3 d5 5. cxd5 Nxd5 6. Bg2 Nb6 7. 0-0 Be7 8. d3 0-0 9. a3 Re8 10. b4 Bf8 11. Be3 Bg4 12. Nd2 Qc8 13. Re1 Nd4 14. Nb3 Nxb3 15. Qxb3 c6 16. Rec1 Qd7 17. Bxb6 axb6 18. b5 cxb5 19. Nxb5 Bc5 20. e3 Be6 21. Qb2 Red8 22. d4 exd4 23. exd4 Ra5 24. dxc5 Rxb5 25. Qe5 h6 26. h4 Qd2 27. Rab1 bxc5 28. Rxb5 Qxc1+ 29. Kh2 c4 30. Rxb7 Qxa3 31. Rc7 Qd6 32. Qxd6 Rxd6 33. Bh3 f5 34. Rc5 Kf8 35. Bxf5 Rd5 36. Rxd5 Bxd5 37. Kg1 c3 38. Bc2 Bf3 39. Kf1 Ke7 40. Ke1 Kd6 41. Bf5 Kc5 42. Bc2 Kb4 0-1

[Event "Kasparov Cup"]
[Site "Moscow"]
[Date "1997.??.??"]
[Round "?"]
[White "Gratka, Krzysztof"]
[Black "Guseinov, Gadir"]
[Result "1-0"]
[WhiteElo "2275"]
[BlackElo "2265"]
[PlyCount "71"]
[EventDate "1997.??.??"]
[EventType "swiss"]
[EventRounds "9"]
[EventCountry "RUS"]
[SourceTitle "EXT 2000"]
[Source "ChessBase"]
[SourceDate "1999.11.16"]
[SourceVersion "1"]
[SourceVersionDate "1999.11.16"]
[SourceQuality "1"]

1. c4 e6 2. Nf3 b6 3. g3 Bb7 4. Bg2 g6 5. 0-0 Bg7 6. Nc3 d6 7. d4 Nf6 8. Qc2 Nbd7 9. e4 e5 10. d5 h6 11. Rb1 0-0 12. b4 Nh5 13. Bh3 Bc8 14. Qe2 Ndf6 15. Bg2 Ne8 16. c5 f5 17. Nh4 Nf4 18. Bxf4 exf4 19. Rbc1 a5 20. Nb5 axb4 21. cxb6 c5 22. dxc6 Qxb6 23. exf5 Ba6 24. Nxg6 Rf6 25. a4 bxa3 26. c7 Nxc7 27. Qa2+ Kh7 28. Nxc7 Bxf1 29. Nxa8 Qb2 30. Qxb2 axb2 31. Rxf1 Rxf5 32. Nxf4 Rc5 33. Nb6 Rc1 34. Be4+ Kg8 35. Bb1 Bc3 36. Nd3 1-0

[Event "Kasparov Cup"]
[Site "Moscow"]
[Date "1997.??.??"]
[Round "?"]
[White "Lukianenko, Evgenij"]
[Black "Gratka, Krzysztof"]
[Result "1-0"]
[WhiteElo "2275"]
[BlackElo "2275"]
[PlyCount "69"]
[EventDate "1997.??.??"]
[EventType "swiss"]
[EventRounds "9"]
[EventCountry "RUS"]
[SourceTitle "EXT 2000"]
[Source "ChessBase"]
[SourceDate "1999.11.16"]
[SourceVersion "1"]
[SourceVersionDate "1999.11.16"]
[SourceQuality "1"]

1. e4 c5 2. Nf3 e6 3. d4 cxd4 4. Nxd4 a6 5. Bd3 Nf6 6. 0-0 d6 7. f4 Nbd7 8. Kh1 Be7 9. Qe2 Nc5 10. Nd2 0-0 11. N2f3 e5 12. Nb3 Nxd3 13. Qxd3 Qc7 14. Be3 b5 15. Nbd2 Be6 16. b3 Rac8 17. Rac1 Rfd8 18. f5 Bd7 19. c4 Bc6 20. Bg5 Nh5 21. cxb5 axb5 22. Rxc6 Qxc6 23. Bxe7 Rd7 24. Bg5 Ra7 25. g4 Nf4 26. Bxf4 exf4 27. Nd4 Qc5 28. Nxb5 Rxa2 29. Nxd6 Rd8 30. N2c4 Rf2 31. Ra1 Rf8 32. e5 Qc6+ 33. Qe4 Qc7 34. Kg1 Qc5 35. Ra5 1-0